Flat leaseholders get management rights (Record no. 73213)

MARC details
000 -LEADER
fixed length control field 01367cam a2200229 4500
001 - CONTROL NUMBER
control field WB3931-25
008 - FIXED-LENGTH DATA ELEMENTS--GENERAL INFORMATION
fixed length control field 030813n2003 000 0 eng u
035 ## - SYSTEM CONTROL NUMBER
System control number (Sirsi) u123262
245 ## - TITLE STATEMENT
Title Flat leaseholders get management rights
260 ## - PUBLICATION, DISTRIBUTION, ETC.
Date of publication, distribution, etc. 2003
490 ## - SERIES STATEMENT
Series statement ODPM News Release
Volume/sequential designation (2003/0166) 11 August 2003 (3)
520 ## - SUMMARY, ETC.
Summary, etc. The Commonhold and Leasehold Reform Act 2002 (Commencement No.2 and Savings) (England) Order 2003/1986 (C.82) brings into force various provisions of the Commonhold and Leasehold Reform Act 2002. The main provisions of the order include the introduction of a new right to manage, enabling leaseholders of flats to take over the management of their building without having to prove fault on the part of the landlord or pay compensation to exercise their new right, the strengthening of a leaseholdersα rights against unreasonable charges levied under their lease and an improvement in the way in which Leasehold Valuation Tribunals (LVTs) work to address disputes between leaseholders and landlords. http://www.odpm.gov.uk/pns/DisplayPN.cgi?pn_id=2003_0166
590 ## - LOCAL NOTE (RLIN)
Local note WB
650 ## - SUBJECT ADDED ENTRY--TOPICAL TERM
Topical term or geographic name entry element LEASEHOLDERS
650 ## - SUBJECT ADDED ENTRY--TOPICAL TERM
Topical term or geographic name entry element LEASEHOLD VALUATION TRIBUNALS
650 ## - SUBJECT ADDED ENTRY--TOPICAL TERM
Topical term or geographic name entry element LVT
650 ## - SUBJECT ADDED ENTRY--TOPICAL TERM
Topical term or geographic name entry element FLAT MANAGEMENT
650 ## - SUBJECT ADDED ENTRY--TOPICAL TERM
Topical term or geographic name entry element LANDLORDS
650 ## - SUBJECT ADDED ENTRY--TOPICAL TERM
Topical term or geographic name entry element COMMONHOLD AND LEASEHOLD REFORM ACT 2002
690 ## - LOCAL SUBJECT ADDED ENTRY--TOPICAL TERM (OCLC, RLIN)
Topical term or geographic name as entry element Landlord and tenant
9 (RLIN) 6252
942 ## - ADDED ENTRY ELEMENTS (KOHA)
Suppress in OPAC 0
Holdings
Withdrawn status Lost status Source of classification or shelving scheme Damaged status Not for loan Home library Current library Shelving location Date acquired Total Checkouts Full call number Barcode Date last seen Copy number Price effective from Koha item type
    Dewey Decimal Classification     London London News article 13/08/2003   WB3931-25 123262-1001 06/08/2019 1 06/08/2019 News article